Estadísticas para Los fichajes más caros del fútbol - Temporada 2018-2019

Haz click aquí para intentar la prueba.

Estadísticas generales

  • Esta prueba ha sido intentada 61 veces
  • La puntuación promedio es 8 de 10

Estadísticas de respuestas

Coste ee (M €)NacionalidadÚltimo clubNuevo clubJugador% Correcto
117,00PortugalReal MadridJuventusCristiano Ronaldo
100%
180,00FranciaMónacoPSGKylian Mbappé
100%
67,80ArgeliaLeicester CityManchester CityRiyad Mahrez
90%
80,00EspañaAthleticChelseaKepa Arrizabalaga
87%
72,00FranciaMónacoAtlético MadridThomas Lemar
83%
64,00Estados UnidosBorussia DortmundChelseaChristian Pulisic
79%
62,50BrasilAS RomaLiverpoolAlisson
75%
57,00Brasil / ItaliaNápolesChelseaJorginho
71%
60,00GuineaRB LeipzigLiverpoolNaby Keïta
71%
59,00BrasilShakhtar D.Manchester UnitedFred
65%

Distribución de puntuación

Porcentaje por número respondido

Porcentaje de gente con cada puntuación

Historial de tus puntuaciones

No has intentado esta prueba.